00450nam a22001457a 450000500170000000800410001702000150005804100130007308200150008610000430010124500710014426000360021530000280025165000250027920231106135843.0231106b |||||||| |||| 00| 0 eng d a0409027421 aEnglish  a346.5 ERA  aErasmus, HJ and De Waal, MJ lEnglish  aThe South African Law of Succession / cHJ Erasmus and MJ de Waal  aDurban : bButterworths, c1989 bvi, 197 pages ;c25 CM. aLegal practice bLaw